Organic Synthesis Through Disconnection Approach (Record no. 8729)

MARC details
000 -LEADER
fixed length control field 01089nam a22001697a 4500
003 - CONTROL NUMBER IDENTIFIER
control field OSt
008 - FIXED-LENGTH DATA ELEMENTS--GENERAL INFORMATION
fixed length control field 200708b ||||| |||| 00| 0 eng d
020 ## - INTERNATIONAL STANDARD BOOK NUMBER
International Standard Book Number 9789385998461
100 ## - MAIN ENTRY--PERSONAL NAME
Personal name Kalsi, P.S.
245 ## - TITLE STATEMENT
Title Organic Synthesis Through Disconnection Approach
250 ## - EDITION STATEMENT
Edition statement 3rd (16 January 2019)
260 ## - PUBLICATION, DISTRIBUTION, ETC. (IMPRINT)
Place of publication, distribution, etc New Delhi
Name of publisher, distributor, etc Scientific Publishing Services Pvt Ltd
300 ## - PHYSICAL DESCRIPTION
Extent Pg. 464, Dimensions: 20 x 14 x 4 cm
500 ## - GENERAL NOTE
General note The book provides a self study in the area of organic synthesis through disconnection approach. It includes all the essential information on the subject which forms an important component of postgraduate course work in all the Indian universities. Key Features: · Focuses on core knowledge in a concise yet complete manner to learn disconnections leading to organic synthesis · Enables the reader to grasp and understand the subject quickly and easily · Provides invaluable hints and tips helping the student assimilate complex information · A huge number of problems and their answers included
650 ## - SUBJECT ADDED ENTRY--TOPICAL TERM
Topical term or geographic name as entry element Pharmaceutical Organic Chemistry
942 ## - ADDED ENTRY ELEMENTS (KOHA)
Source of classification or shelving scheme Dewey Decimal Classification
Koha item type Text Books
Holdings
Withdrawn status Lost status Source of classification or shelving scheme Damaged status Not for loan Collection code Home library Current library Date acquired Source of acquisition Currency Cost, normal purchase price Bill Number Total Checkouts Full call number Acc. no. / Barcode Date last seen Actual Cost, discounted price Bill Date Koha item type
    Dewey Decimal Classification     B.Pharma PIET C-LIBRARY PIET C-LIBRARY 01/02/2020 Kirti Prakashan IN Rupees 425.00 IN6239   547.2 KAO BP786 08/07/2020 297.50 01/02/2020 Text Books
    Dewey Decimal Classification     B.Pharma PIET C-LIBRARY PIET C-LIBRARY 01/02/2020 Kirti Prakashan IN Rupees 425.00 IN6239   547.2 KAO BP787 08/07/2020 297.50 01/02/2020 Text Books

Design & Developed by: PIET Central Library
R70 Miles Stone Pattikalyana Samalkha Panipat 132102
mail ID :- [email protected], Phone No:- 0180-2569700 Ex.216